[Event "GM"]
[Site "Aarhus"]
[Date "2003.08.01"]
[Round "6"]
[White "Berg, Klaus"]
[Black "Dworakowska, Joanna"]
[Result "1-0"]
[WhiteElo "2439"]
[BlackElo "2382"]
[PlyCount "85"]
[EventDate "2003.07.27"]
[EventType "tourn"]
[EventRounds "9"]
[EventCountry "DEN"]
[EventCategory "9"]
[SourceTitle "CBM 097"]
[Source "ChessBase"]
[SourceDate "2003.11.11"]

1. Nf3 f5 2. d4 Nf6 3. c4 g6 4. g3 d6 5. Bg2 Bg7 6. O-O O-O 7. Nc3 Nc6 8. d5
Na5 9. Qa4 b6 10. Qc2 c5 11. dxc6 Nxc6 12. Ng5 Qd7 13. Nd5 Bb7 14. Nxf6+ Bxf6
15. Qa4 Qe8 16. Bd5+ Kh8 17. Ne6 Nd4 18. Qxe8 Nxe2+ 19. Kg2 Bxd5+ 20. cxd5
Rfxe8 21. Be3 Rac8 22. Rae1 Rc2 23. Kf3 g5 24. Bxg5 Bxg5 25. Rxe2 Rxe2 26. Kxe2
Bf6 27. Rc1 Bxb2 28. Rc7 a5 29. Rb7 a4 30. Rxb6 a3 31. Kf3 h6 32. Kf4 Kg8 33.
Kxf5 Kf7 34. f4 Rh8 35. Rb5 h5 36. h3 Rc8 37. g4 hxg4 38. hxg4 Bg7 39. g5 Kg8
40. Kg6 Bf8 41. f5 Ra8 42. Rb7 Rc8 43. Ra7 1-0

[Event "GM"]
[Site "Aarhus"]
[Date "2003.07.30"]
[Round "4"]
[White "Berg, Klaus"]
[Black "Rasmussen, Karsten"]
[Result "0-1"]
[WhiteElo "2439"]
[BlackElo "2437"]
[PlyCount "58"]
[EventDate "2003.07.27"]
[EventType "tourn"]
[EventRounds "9"]
[EventCountry "DEN"]
[EventCategory "9"]
[SourceTitle "CBM 097"]
[Source "ChessBase"]
[SourceDate "2003.11.11"]

1. e4 Nf6 2. e5 Nd5 3. d4 d6 4. Bc4 Nb6 5. Bb3 Bf5 6. Qf3 Qc8 7. Ne2 e6 8. O-O
c5 9. dxc5 dxc5 10. c4 Nc6 11. Bf4 g5 12. Bxg5 Nxe5 13. Qc3 Rg8 14. f4 Nc6 15.
Qe3 Bg7 16. Nbc3 Bd4 17. Nxd4 cxd4 18. Qd2 dxc3 19. Qxc3 Qc7 20. Rad1 Nd7 21.
Rd5 Ne7 22. Rd2 Qc5+ 23. Kh1 O-O-O 24. Rfd1 Nb6 25. Rxd8+ Rxd8 26. Rxd8+ Kxd8
27. Qh8+ Kc7 28. Qf8 Nbc8 29. Qxf7 Qf2 0-1

[Event "GM"]
[Site "Aarhus"]
[Date "2003.08.02"]
[Round "7"]
[White "Dworakowska, Joanna"]
[Black "Lalic, Bogdan"]
[Result "1/2-1/2"]
[WhiteElo "2382"]
[BlackElo "2503"]
[PlyCount "26"]
[EventDate "2003.07.27"]
[EventType "tourn"]
[EventRounds "9"]
[EventCountry "DEN"]
[EventCategory "9"]
[SourceTitle "CBM 097"]
[Source "ChessBase"]
[SourceDate "2003.11.11"]

1. e4 e5 2. Nf3 Nc6 3. d4 exd4 4. Nxd4 Qf6 5. Be3 Bc5 6. c3 Nge7 7. g3 d5 8.
Bg2 Bxd4 9. cxd4 dxe4 10. Nc3 O-O 11. Nxe4 Qg6 12. Nc3 Nb4 13. O-O c6 1/2-1/2

[Event "GM"]
[Site "Aarhus"]
[Date "2003.07.31"]
[Round "5"]
[White "Dworakowska, Joanna"]
[Black "Palo, Davor"]
[Result "1/2-1/2"]
[WhiteElo "2382"]
[BlackElo "2510"]
[PlyCount "120"]
[EventDate "2003.07.27"]
[EventType "tourn"]
[EventRounds "9"]
[EventCountry "DEN"]
[EventCategory "9"]
[SourceTitle "CBM 097"]
[Source "ChessBase"]
[SourceDate "2003.11.11"]

1. e4 c6 2. d4 d5 3. Nc3 dxe4 4. Nxe4 Bf5 5. Ng3 Bg6 6. h4 h6 7. Nf3 Nd7 8. h5
Bh7 9. Bd3 Bxd3 10. Qxd3 e6 11. Bf4 Ngf6 12. O-O-O Be7 13. Kb1 O-O 14. Ne4 Qa5
15. g4 Nxg4 16. Ne5 f5 17. Nxg4 fxg4 18. Bxh6 Qf5 19. Bc1 Nf6 20. Nxf6+ Bxf6
21. Qb3 Rf7 22. h6 Rd8 23. hxg7 Bxg7 24. Be3 Rd5 25. Rd3 Rfd7 26. Rhd1 Qe4 27.
a3 a5 28. a4 b5 29. Qc3 c5 30. Qxa5 cxd4 31. Bc1 bxa4 32. Qxa4 Qf5 33. Rg1 Rd8
34. Ra3 Rc5 35. f3 Rdc8 36. fxg4 Qxc2+ 37. Qxc2 Rxc2 38. Rh1 Rg2 39. Ra6 e5 40.
Rg6 Kf7 41. Rg5 Bf6 42. Rf1 Ke7 43. Rg6 Bh4 44. b3 Rf2 45. Rh1 Kf7 46. Rd6 Bf6
47. g5 Bg7 48. g6+ Kg8 49. Bh6 Rf6 50. Rd5 Re8 51. Bxg7 Kxg7 52. Re1 Rfe6 53.
Kc2 Kxg6 54. Kd3 Kf7 55. Re2 R8e7 56. Re1 Kf8 57. b4 Ke8 58. b5 e4+ 59. Kxd4 e3
60. Re2 Rd7 1/2-1/2

[Event "GM"]
[Site "Aarhus"]
[Date "2003.07.28"]
[Round "2"]
[White "Dworakowska, Joanna"]
[Black "Rasmussen, Karsten"]
[Result "1-0"]
[WhiteElo "2382"]
[BlackElo "2437"]
[PlyCount "57"]
[EventDate "2003.07.27"]
[EventType "tourn"]
[EventRounds "9"]
[EventCountry "DEN"]
[EventCategory "9"]
[SourceTitle "CBM 097"]
[Source "ChessBase"]
[SourceDate "2003.11.11"]

1. e4 c5 2. Nf3 g6 3. d4 Bg7 4. dxc5 Qa5+ 5. Nc3 Bxc3+ 6. bxc3 Qxc3+ 7. Bd2
Qxc5 8. Bd3 d6 9. O-O Nf6 10. Bh6 Nbd7 11. Rb1 Ng4 12. Bg7 Rg8 13. Bd4 Qh5 14.
Be2 Qh6 15. Bb5 f6 16. h3 Nge5 17. Bxe5 fxe5 18. Qd5 Rf8 19. Nxe5 dxe5 20. Rfd1
Rf6 21. Bxd7+ Bxd7 22. Qxd7+ Kf8 23. Qxb7 Re8 24. Qxa7 Qf4 25. f3 Rc6 26. Rb8
Qf7 27. Qa8 Rxb8 28. Qxb8+ Kg7 29. Qxe5+ 1-0

[Event "GM"]
[Site "Aarhus"]
[Date "2003.07.29"]
[Round "3"]
[White "Fries Nielsen, Jens Ove"]
[Black "Dworakowska, Joanna"]
[Result "1-0"]
[WhiteElo "2453"]
[BlackElo "2382"]
[PlyCount "75"]
[EventDate "2003.07.27"]
[EventType "tourn"]
[EventRounds "9"]
[EventCountry "DEN"]
[EventCategory "9"]
[SourceTitle "CBM 097"]
[Source "ChessBase"]
[SourceDate "2003.11.11"]

1. b3 e5 2. Bb2 Nc6 3. e3 Nf6 4. Nf3 e4 5. Nd4 Nxd4 6. Bxd4 Be7 7. Be2 O-O 8.
O-O c5 9. Bb2 d5 10. d3 Be6 11. Nd2 Qc7 12. c4 exd3 13. Bxd3 Rad8 14. cxd5 Nxd5
15. Qb1 f5 16. Nf3 Nb4 17. Be2 Nc6 18. Bc3 Bf6 19. Bxf6 Rxf6 20. Rc1 Qe7 21.
Qc2 b6 22. Rd1 Rff8 23. Bc4 Bxc4 24. Qxc4+ Kh8 25. Qf4 Rd7 26. h4 Rfd8 27. Rxd7
Qxd7 28. h5 Qe6 29. Re1 Nb4 30. Re2 Rd1+ 31. Kh2 Nc6 32. e4 Ne7 33. Ng5 Qf6 34.
exf5 g6 35. h6 gxf5 36. Rxe7 Qxh6+ 37. Kg3 Qf8 38. Rxh7+ 1-0

[Event "GM"]
[Site "Aarhus"]
[Date "2003.08.04"]
[Round "9"]
[White "Fries Nielsen, Jens Ove"]
[Black "Skytte, Rasmus"]
[Result "0-1"]
[WhiteElo "2453"]
[BlackElo "2404"]
[PlyCount "98"]
[EventDate "2003.07.27"]
[EventType "tourn"]
[EventRounds "9"]
[EventCountry "DEN"]
[EventCategory "9"]
[SourceTitle "CBM 097"]
[Source "ChessBase"]
[SourceDate "2003.11.11"]

1. Nf3 Nf6 2. g3 d5 3. Bg2 c6 4. O-O Bg4 5. d3 Nbd7 6. Nc3 e5 7. h3 Bxf3 8.
Bxf3 Qc7 9. Bg2 Bc5 10. a3 a5 11. Na4 Be7 12. c4 d4 13. Qc2 O-O 14. c5 Nd5 15.
Bd2 Kh8 16. b4 axb4 17. axb4 f5 18. Nb2 Bf6 19. Rxa8 Rxa8 20. Nc4 Be7 21. Qb2
N7f6 22. Ra1 Rd8 23. Qa3 e4 24. Qa5 Qc8 25. Qa7 Nc3 26. Bxc3 dxc3 27. Qa3 c2
28. Rc1 f4 29. Rxc2 f3 30. exf3 Rxd3 31. Rc3 Rd1+ 32. Kh2 Nd5 33. Rb3 Qf8 34.
Ne5 e3 35. fxe3 Bf6 36. Nd7 Qd8 37. Nxf6 Nxf6 38. b5 h5 39. h4 Qd5 40. bxc6
bxc6 41. Rb2 Rd3 42. Rb8+ Kh7 43. Qc1 Rd2 44. Qb1+ g6 45. Rb7+ Kh6 46. e4 Qd4
47. Qg1 Qd3 48. Qc1 Qe2 49. Qg1 Qxf3 0-1

[Event "GM"]
[Site "Aarhus"]
[Date "2003.08.03"]
[Round "8"]
[White "Jakubiec, Artur"]
[Black "Berg, Klaus"]
[Result "1-0"]
[WhiteElo "2537"]
[BlackElo "2439"]
[PlyCount "81"]
[EventDate "2003.07.27"]
[EventType "tourn"]
[EventRounds "9"]
[EventCountry "DEN"]
[EventCategory "9"]
[SourceTitle "CBM 097"]
[Source "ChessBase"]
[SourceDate "2003.11.11"]

1. Nf3 Nf6 2. c4 c6 3. e3 d5 4. Nc3 a6 5. Qc2 b5 6. b3 e6 7. Bb2 Be7 8. Be2 O-O
9. Rg1 bxc4 10. bxc4 c5 11. g4 Nc6 12. g5 Ne8 13. Bd3 g6 14. a3 Rb8 15. Rb1 d4
16. Ne4 e5 17. h4 Ng7 18. Ng3 Qd6 19. Be4 Na5 20. Bd5 Bf5 21. Nxf5 gxf5 22. e4
Rb3 23. exf5 Rfb8 24. d3 Nxf5 25. Nd2 R3b6 26. h5 Kh8 27. Ne4 Qd7 28. Qe2 Qa4
29. g6 Bf6 30. gxf7 Bg7 31. Kf1 Qb3 32. Nxc5 Qa2 33. Qc2 h6 34. Nd7 Rxb2 35.
Qxb2 Qxb1+ 36. Qxb1 Rxb1+ 37. Kg2 Rxg1+ 38. Kxg1 Nb3 39. c5 Na5 40. c6 Nd6 41.
c7 1-0

[Event "GM"]
[Site "Aarhus"]
[Date "2003.07.28"]
[Round "2"]
[White "Lalic, Bogdan"]
[Black "Petrov, Marian"]
[Result "1/2-1/2"]
[WhiteElo "2503"]
[BlackElo "2475"]
[PlyCount "45"]
[EventDate "2003.07.27"]
[EventType "tourn"]
[EventRounds "9"]
[EventCountry "DEN"]
[EventCategory "9"]
[SourceTitle "CBM 097"]
[Source "ChessBase"]
[SourceDate "2003.11.11"]

1. Nf3 g6 2. c4 Bg7 3. d4 c5 4. e4 Qa5+ 5. Bd2 Qb6 6. Bc3 cxd4 7. Bxd4 Bxd4 8.
Qxd4 Qxd4 9. Nxd4 Nc6 10. Nb5 Rb8 11. N1c3 Nf6 12. Nc7+ Kf8 13. N7d5 Kg7 14.
Rd1 d6 15. Be2 Nd7 16. f3 a6 17. Rd2 b6 18. Kf2 Bb7 19. Rhd1 Rhc8 20. b4 Kf8
21. Na4 Ba8 22. c5 bxc5 23. Bxa6 1/2-1/2

[Event "GM"]
[Site "Aarhus"]
[Date "2003.08.01"]
[Round "6"]
[White "Lalic, Bogdan"]
[Black "Fries Nielsen, Jens Ove"]
[Result "1/2-1/2"]
[WhiteElo "2503"]
[BlackElo "2453"]
[PlyCount "95"]
[EventDate "2003.07.27"]
[EventType "tourn"]
[EventRounds "9"]
[EventCountry "DEN"]
[EventCategory "9"]
[SourceTitle "CBM 097"]
[Source "ChessBase"]
[SourceDate "2003.11.11"]

1. d4 Nf6 2. c4 c5 3. d5 g6 4. Nc3 Bg7 5. e4 d6 6. Bd3 Na6 7. h3 e5 8. Nf3 Nh5
9. Bg5 f6 10. Be3 Nc7 11. Qd2 Qe7 12. g4 Nf4 13. Bxf4 exf4 14. Qxf4 Bd7 15. Qg3
a6 16. a4 O-O-O 17. Kd2 h5 18. gxh5 g5 19. h4 g4 20. Nh2 f5 21. exf5 Be5 22.
Qxg4 Rdg8 23. Qf3 Qxh4 24. Nf1 Qg5+ 25. Ne3 Ne8 26. Rag1 Qxg1 27. Rxg1 Rxg1 28.
Ng4 Rxg4 29. Qxg4 Nf6 30. Qf3 Rxh5 31. Ne4 Nxe4+ 32. Bxe4 Rh4 33. b3 Kc7 34. a5
Rf4 35. Qg2 Bxf5 36. Bxf5 Rxf5 37. Kd3 Rf4 38. f3 Rd4+ 39. Kc2 Kb8 40. Qh3 Ka7
41. Qc8 Rf4 42. Qc7 Rxf3 43. b4 Rc3+ 44. Kd2 Rxc4 45. b5 axb5 46. Qb6+ Ka8 47.
Qd8+ Ka7 48. Qb6+ 1/2-1/2

[Event "GM"]
[Site "Aarhus"]
[Date "2003.08.02"]
[Round "7"]
[White "Palo, Davor"]
[Black "Berg, Klaus"]
[Result "1/2-1/2"]
[WhiteElo "2510"]
[BlackElo "2439"]
[PlyCount "193"]
[EventDate "2003.07.27"]
[EventType "tourn"]
[EventRounds "9"]
[EventCountry "DEN"]
[EventCategory "9"]
[SourceTitle "CBM 097"]
[Source "ChessBase"]
[SourceDate "2003.11.11"]

1. e4 e6 2. d4 d5 3. Nc3 Bb4 4. e5 c5 5. a3 Ba5 6. b4 cxd4 7. Nb5 Bc7 8. f4 Ne7
9. Nf3 Bd7 10. Nbxd4 Ba4 11. Bd3 Bb6 12. Bb2 Nbc6 13. Ne2 Qd7 14. Nc3 Nb8 15.
Nxa4 Qxa4 16. Nd4 Qd7 17. Qg4 g6 18. Nb5 Nf5 19. Qe2 O-O 20. Bxf5 exf5 21. Bd4
Bxd4 22. Nxd4 Nc6 23. Nf3 a5 24. b5 Nd8 25. O-O Ne6 26. Rad1 Qc7 27. Qe3 Rfd8
28. Rf2 Rac8 29. Nd4 Qc4 30. Nxe6 fxe6 31. Qb6 Re8 32. Qxa5 Qc5 33. Rd3 Ra8 34.
Qb4 Rec8 35. Qb3 Ra5 36. a4 Qc4 37. Qxc4 Rxc4 38. Ra3 Raxa4 39. Rxa4 Rxa4 40.
c3 Kf7 41. g3 Ke7 42. Rb2 Kd7 43. Kf2 Kc7 44. Ke3 Kb6 45. Kd3 Kc5 46. b6 Ra3
47. Kc2 Ra6 48. h3 Rxb6 49. Ra2 Ra6 50. Rb2 b5 51. Kb3 Ra1 52. Rd2 Rb1+ 53. Kc2
Rh1 54. h4 Rg1 55. Rd3 Rg2+ 56. Kb3 h5 57. Re3 Rd2 58. Rf3 Re2 59. Rd3 Re4 60.
Rf3 b4 61. Rd3 Rc4 62. cxb4+ Rxb4+ 63. Kc2 Rc4+ 64. Kb2 d4 65. Ra3 Kd5 66. Ra8
d3 67. Ra6 Ke4 68. Rxe6 Ke3 69. Rd6 d2 70. e6 Ke2 71. e7 Re4 72. Kc2 Rxe7 73.
Rxd2+ Kf3 74. Rd6 Kxg3 75. Rxg6+ Kxf4 76. Rg5 Rd7 77. Rxh5 Ke4 78. Rh8 f4 79.
h5 Ke3 80. Re8+ Kf2 81. h6 f3 82. Rf8 Ke2 83. Re8+ Kf1 84. Rf8 f2 85. Rf6 Rd5
86. h7 Rh5 87. Rf7 Rh1 88. Kd2 Rh2 89. Ke3 Rh3+ 90. Kd2 Rh6 91. Ke3 Re6+ 92.
Kd2 Re8 93. Rf6 Rd8+ 94. Kc2 Rh8 95. Rf7 Rc8+ 96. Kd2 Rd8+ 97. Kc2 1/2-1/2

[Event "GM"]
[Site "Aarhus"]
[Date "2003.07.28"]
[Round "2"]
[White "Palo, Davor"]
[Black "Skytte, Rasmus"]
[Result "1-0"]
[WhiteElo "2510"]
[BlackElo "2404"]
[PlyCount "53"]
[EventDate "2003.07.27"]
[EventType "tourn"]
[EventRounds "9"]
[EventCountry "DEN"]
[EventCategory "9"]
[SourceTitle "CBM 097"]
[Source "ChessBase"]
[SourceDate "2003.11.11"]

1. d4 d5 2. c4 Bf5 3. cxd5 Bxb1 4. Qa4+ c6 5. Rxb1 Qxd5 6. e3 Nd7 7. Bd2 Ngf6
8. Nf3 Qf5 9. Rc1 e6 10. Qb3 Rb8 11. Bd3 Qh5 12. O-O Bd6 13. Bb4 Bc7 14. e4 g5
15. e5 Nd5 16. Rfe1 Nf4 17. Bf1 Rg8 18. Nd2 Bb6 19. Ne4 Bxd4 20. Rcd1 Bxe5 21.
Nd6+ Bxd6 22. Bxd6 b6 23. Bxf4 gxf4 24. Rxe6+ fxe6 25. Qxe6+ Kf8 26. Rxd7 Rg5
27. Qd6+ 1-0

[Event "GM"]
[Site "Aarhus"]
[Date "2003.08.01"]
[Round "6"]
[White "Petrov, Marian"]
[Black "Rasmussen, Karsten"]
[Result "0-1"]
[WhiteElo "2475"]
[BlackElo "2437"]
[PlyCount "78"]
[EventDate "2003.07.27"]
[EventType "tourn"]
[EventRounds "9"]
[EventCountry "DEN"]
[EventCategory "9"]
[SourceTitle "CBM 097"]
[Source "ChessBase"]
[SourceDate "2003.11.11"]

1. g3 e5 2. Bg2 d5 3. c4 dxc4 4. Na3 Bxa3 5. bxa3 c6 6. Bb2 f6 7. Qc2 Be6 8. f4
exf4 9. gxf4 Ne7 10. Nf3 Qd6 11. Nd4 Bf7 12. O-O O-O 13. Be4 g6 14. f5 Nd7 15.
fxg6 hxg6 16. Rf2 Nc5 17. Raf1 Nxe4 18. Qxe4 Qe5 19. Qc2 Qh5 20. Rg2 c5 21. Nf5
Nc6 22. Ng3 Qh3 23. Rxf6 Nd4 24. Rxg6+ Kh7 25. Rg7+ Kxg7 26. Nf5+ Kf6 27. Nxd4
cxd4 28. Bxd4+ Ke7 29. Qe4+ Qe6 30. Qxb7+ Kd6 31. e4 Qc8 32. Qb4+ Kd7 33. Bf6
Rb8 34. Qe7+ Kc6 35. Rg5 Rb5 36. Rxb5 Kxb5 37. Qb4+ Kc6 38. Qa4+ Kb7 39. Qb5+
Ka8 0-1

[Event "GM"]
[Site "Aarhus"]
[Date "2003.07.27"]
[Round "1"]
[White "Petrov, Marian"]
[Black "Berg, Klaus"]
[Result "1/2-1/2"]
[WhiteElo "2475"]
[BlackElo "2439"]
[PlyCount "83"]
[EventDate "2003.07.27"]
[EventType "tourn"]
[EventRounds "9"]
[EventCountry "DEN"]
[EventCategory "9"]
[SourceTitle "CBM 097"]
[Source "ChessBase"]
[SourceDate "2003.11.11"]

1. e4 c6 2. d4 d5 3. Nc3 dxe4 4. Nxe4 Bf5 5. Ng3 Bg6 6. h4 h6 7. Nf3 Nd7 8. h5
Bh7 9. Bd3 Bxd3 10. Qxd3 e6 11. Bf4 Qa5+ 12. Bd2 Qc7 13. O-O-O Ngf6 14. Qe2
O-O-O 15. Ne5 Nb6 16. Ba5 Rd5 17. Bxb6 axb6 18. c4 Rd8 19. f4 Bd6 20. Kb1 c5
21. dxc5 bxc5 22. Rhe1 Rhe8 23. Qf3 Bxe5 24. fxe5 Rxd1+ 25. Qxd1 Rd8 26. Qe2
Rd4 27. Nf5 exf5 28. exf6 gxf6 29. Qe8+ Rd8 30. Qe3 Qd6 31. a3 f4 32. Qe4 Qd2
33. Ka2 Kb8 34. Rf1 Rd4 35. Qe8+ Ka7 36. Qb5 b6 37. Qe8 Qc2 38. Re1 Qxc4+ 39.
Ka1 Qd5 40. Re7+ Ka6 41. Qc8+ Kb5 42. Qe8+ 1/2-1/2

[Event "GM"]
[Site "Aarhus"]
[Date "2003.07.30"]
[Round "4"]
[White "Petrov, Marian"]
[Black "Stefansson, Hannes"]
[Result "1/2-1/2"]
[WhiteElo "2475"]
[BlackElo "2560"]
[PlyCount "33"]
[EventDate "2003.07.27"]
[EventType "tourn"]
[EventRounds "9"]
[EventCountry "DEN"]
[EventCategory "9"]
[SourceTitle "CBM 097"]
[Source "ChessBase"]
[SourceDate "2003.11.11"]

1. e4 c5 2. Nf3 d6 3. d4 cxd4 4. Nxd4 Nf6 5. Nc3 Nc6 6. f4 e5 7. Nf3 Be7 8. Bd3
O-O 9. O-O exf4 10. Bxf4 Be6 11. Qe1 Ng4 12. Qg3 Nge5 13. Kh1 Nxf3 14. gxf3 Bh4
15. Qg2 Ne5 16. Rad1 Qe7 17. Bh6 1/2-1/2

[Event "GM"]
[Site "Aarhus"]
[Date "2003.07.29"]
[Round "3"]
[White "Petrov, Marian"]
[Black "Jakubiec, Artur"]
[Result "1-0"]
[WhiteElo "2475"]
[BlackElo "2537"]
[PlyCount "61"]
[EventDate "2003.07.27"]
[EventType "tourn"]
[EventRounds "9"]
[EventCountry "DEN"]
[EventCategory "9"]
[SourceTitle "CBM 097"]
[Source "ChessBase"]
[SourceDate "2003.11.11"]

1. e4 c6 2. d4 d5 3. e5 c5 4. dxc5 Nc6 5. Bf4 e6 6. Nd2 Bxc5 7. Nb3 Bb6 8. Bd3
Nge7 9. Nf3 Ng6 10. Bg3 f6 11. Qe2 Ngxe5 12. Nxe5 fxe5 13. Qh5+ Kf8 14. Bxe5
Nxe5 15. Qxe5 Qf6 16. Qd6+ Kf7 17. O-O Qxb2 18. c4 dxc4 19. Bxc4 Rd8 20. Qg3
Kg8 21. a4 a6 22. a5 Ba7 23. Rad1 Rf8 24. Nd2 Bd7 25. Ne4 Bc6 26. Ng5 Ba4 27.
Nxe6 Kh8 28. Nxf8 Rxf8 29. Qd6 Re8 30. Bf7 Bb8 31. Qc5 1-0

[Event "GM"]
[Site "Aarhus"]
[Date "2003.07.31"]
[Round "5"]
[White "Rasmussen, Karsten"]
[Black "Lalic, Bogdan"]
[Result "1/2-1/2"]
[WhiteElo "2437"]
[BlackElo "2503"]
[PlyCount "26"]
[EventDate "2003.07.27"]
[EventType "tourn"]
[EventRounds "9"]
[EventCountry "DEN"]
[EventCategory "9"]
[SourceTitle "CBM 097"]
[Source "ChessBase"]
[SourceDate "2003.11.11"]

1. Nf3 c5 2. c4 Nc6 3. Nc3 Nf6 4. g3 d5 5. cxd5 Nxd5 6. Bg2 Nc7 7. Qa4 Bd7 8.
Qe4 g6 9. Ne5 Bg7 10. Nxd7 Qxd7 11. O-O Rb8 12. d3 O-O 13. Qh4 Nd4 1/2-1/2

[Event "GM"]
[Site "Aarhus"]
[Date "2003.08.02"]
[Round "7"]
[White "Rasmussen, Karsten"]
[Black "Stefansson, Hannes"]
[Result "0-1"]
[WhiteElo "2437"]
[BlackElo "2560"]
[PlyCount "114"]
[EventDate "2003.07.27"]
[EventType "tourn"]
[EventRounds "9"]
[EventCountry "DEN"]
[EventCategory "9"]
[SourceTitle "CBM 097"]
[Source "ChessBase"]
[SourceDate "2003.11.11"]

1. Nf3 Nf6 2. c4 c6 3. d4 d5 4. cxd5 cxd5 5. Nc3 Nc6 6. Bf4 a6 7. e3 Bg4 8. Be2
e6 9. O-O Be7 10. Ne5 Bxe2 11. Nxc6 bxc6 12. Qxe2 O-O 13. Na4 Nd7 14. Rfc1 Qa5
15. Qc2 Rfc8 16. a3 Nb6 17. Nc5 Bxc5 18. dxc5 Nd7 19. Bd6 Qb5 20. a4 Qb4 21.
Rd1 Re8 22. Rd4 Qb7 23. Rh4 h6 24. Ra3 e5 25. e4 Qb4 26. Qc3 a5 27. Qc1 dxe4
28. Rc3 Qxa4 29. Rc4 Qb5 30. Rcxe4 Re6 31. f4 f5 32. Rxe5 Nxe5 33. fxe5 Rae8
34. Qc3 Qe2 35. Rf4 Rxe5 36. Bxe5 Rxe5 37. Rf1 a4 38. h3 Kh7 39. Qd4 Rd5 40.
Qxa4 Rxc5 41. Qa3 Rc2 42. Qf3 Qxf3 43. Rxf3 Rxb2 44. Rxf5 Re2 45. Rc5 Re6 46.
Kf2 Kg6 47. g4 Kf6 48. h4 Ke7 49. Kf3 Kd6 50. Ra5 c5 51. h5 Re7 52. g5 hxg5 53.
Kg4 c4 54. Ra6+ Kd5 55. Kxg5 c3 56. Kg6 c2 57. Ra1 Kc4 0-1

[Event "GM"]
[Site "Aarhus"]
[Date "2003.07.27"]
[Round "1"]
[White "Rasmussen, Karsten"]
[Black "Fries Nielsen, Jens Ove"]
[Result "1/2-1/2"]
[WhiteElo "2437"]
[BlackElo "2453"]
[PlyCount "84"]
[EventDate "2003.07.27"]
[EventType "tourn"]
[EventRounds "9"]
[EventCountry "DEN"]
[EventCategory "9"]
[SourceTitle "CBM 097"]
[Source "ChessBase"]
[SourceDate "2003.11.11"]

1. Nf3 Nf6 2. c4 d6 3. Nc3 g6 4. g3 Bg7 5. Bg2 O-O 6. O-O c6 7. e4 Bg4 8. h3
Bxf3 9. Qxf3 e5 10. d3 Nbd7 11. Qd1 Nc5 12. b4 Ne6 13. Rb1 h5 14. h4 a5 15. a3
axb4 16. axb4 Ng4 17. f3 Nf6 18. Be3 Nd7 19. Bh3 Qe7 20. Qb3 Kh7 21. c5 dxc5
22. Bxe6 fxe6 23. bxc5 Rab8 24. Na4 Bh6 25. Bxh6 Kxh6 26. Qc2 Kh7 27. Rb2 Rf7
28. Kg2 g5 29. hxg5 Qxg5 30. Qc1 Qg6 31. Rh1 Kg8 32. Rh3 Rbf8 33. Rf2 Nf6 34.
Nb6 Ng4 35. Rf1 Rxf3 36. Rxf3 Rxf3 37. Kxf3 Qf6+ 38. Kg2 Qf2+ 39. Kh1 Qf3+ 40.
Kg1 Qf2+ 41. Kh1 Qf3+ 42. Kg1 Qf2+ 1/2-1/2

[Event "GM"]
[Site "Aarhus"]
[Date "2003.08.03"]
[Round "8"]
[White "Skytte, Rasmus"]
[Black "Rasmussen, Karsten"]
[Result "0-1"]
[WhiteElo "2404"]
[BlackElo "2437"]
[PlyCount "70"]
[EventDate "2003.07.27"]
[EventType "tourn"]
[EventRounds "9"]
[EventCountry "DEN"]
[EventCategory "9"]
[SourceTitle "CBM 097"]
[Source "ChessBase"]
[SourceDate "2003.11.11"]

1. e4 c6 2. c4 d5 3. cxd5 cxd5 4. exd5 Nf6 5. Nc3 Nxd5 6. Nf3 e6 7. Bc4 Be7 8.
O-O O-O 9. Re1 Nc6 10. d4 Bf6 11. Ne4 b6 12. Nxf6+ Nxf6 13. Bg5 Bb7 14. a3 Rc8
15. Bd3 Ne7 16. Re3 Nf5 17. Bxf5 exf5 18. Nh4 Be4 19. Nf3 h6 20. Bxf6 Qxf6 21.
Qa4 a5 22. Ne5 Qg5 23. g3 Ba8 24. f4 Qd8 25. Rd1 Qd5 26. Nf3 Bc6 27. Qc2 Qxf3
28. Rxf3 Bxf3 29. Qd2 Bxd1 30. Qxd1 Rfd8 31. Kf2 Rd6 32. Qd3 g6 33. Kf3 Rcd8
34. Qb5 Rxd4 35. Qxb6 Rd2 0-1

[Event "GM"]
[Site "Aarhus"]
[Date "2003.07.29"]
[Round "3"]
[White "Skytte, Rasmus"]
[Black "Berg, Klaus"]
[Result "1/2-1/2"]
[WhiteElo "2404"]
[BlackElo "2439"]
[PlyCount "43"]
[EventDate "2003.07.27"]
[EventType "tourn"]
[EventRounds "9"]
[EventCountry "DEN"]
[EventCategory "9"]
[SourceTitle "CBM 097"]
[Source "ChessBase"]
[SourceDate "2003.11.11"]

1. e4 c6 2. c4 d5 3. cxd5 cxd5 4. exd5 Nf6 5. Nc3 Nxd5 6. Nf3 e6 7. Bc4 Nc6 8.
O-O Be7 9. d4 O-O 10. Re1 Bf6 11. Ne4 Nce7 12. Nxf6+ Nxf6 13. Bg5 b6 14. Ne5
Bb7 15. Ng4 Nfd5 16. Ne3 f6 17. Bh4 Qd7 18. Qb3 Rac8 19. Bg3 Kh8 20. Rac1 a6
21. a4 Rfe8 22. Bxd5 1/2-1/2

[Event "GM"]
[Site "Aarhus"]
[Date "2003.07.27"]
[Round "1"]
[White "Skytte, Rasmus"]
[Black "Dworakowska, Joanna"]
[Result "1/2-1/2"]
[WhiteElo "2404"]
[BlackElo "2382"]
[PlyCount "33"]
[EventDate "2003.07.27"]
[EventType "tourn"]
[EventRounds "9"]
[EventCountry "DEN"]
[EventCategory "9"]
[SourceTitle "CBM 097"]
[Source "ChessBase"]
[SourceDate "2003.11.11"]

1. d4 f5 2. c4 Nf6 3. Nc3 g6 4. h4 d6 5. h5 Nxh5 6. Rxh5 gxh5 7. e4 c6 8. Qxh5+
Kd7 9. Qxf5+ Kc7 10. Qf7 Bd7 11. c5 Kc8 12. Nf3 Be8 13. Qe6+ Qd7 14. Qb3 Na6
15. Bf4 Nc7 16. O-O-O Qg4 17. Be3 1/2-1/2

[Event "GM"]
[Site "Aarhus"]
[Date "2003.08.02"]
[Round "7"]
[White "Skytte, Rasmus"]
[Black "Jakubiec, Artur"]
[Result "1/2-1/2"]
[WhiteElo "2404"]
[BlackElo "2537"]
[PlyCount "46"]
[EventDate "2003.07.27"]
[EventType "tourn"]
[EventRounds "9"]
[EventCountry "DEN"]
[EventCategory "9"]
[SourceTitle "CBM 097"]
[Source "ChessBase"]
[SourceDate "2003.11.11"]

1. e4 c6 2. d4 d5 3. Nc3 dxe4 4. Nxe4 Nf6 5. Nxf6+ gxf6 6. c3 Nd7 7. g3 Nb6 8.
Bg2 Bf5 9. Nf3 Qd7 10. O-O Bh3 11. Bxh3 Qxh3 12. a4 Nc4 13. Qb3 Nd6 14. Bf4
O-O-O 15. Bxd6 Rxd6 16. Qxf7 Qf5 17. Kg2 e6 18. Rae1 Bh6 19. c4 Rf8 20. Qe7
Rfd8 21. c5 R8d7 22. Qe8+ Rd8 23. Qe7 R8d7 1/2-1/2

[Event "GM"]
[Site "Aarhus"]
[Date "2003.08.01"]
[Round "6"]
[White "Stefansson, Hannes"]
[Black "Skytte, Rasmus"]
[Result "1/2-1/2"]
[WhiteElo "2560"]
[BlackElo "2404"]
[PlyCount "38"]
[EventDate "2003.07.27"]
[EventType "tourn"]
[EventRounds "9"]
[EventCountry "DEN"]
[EventCategory "9"]
[SourceTitle "CBM 097"]
[Source "ChessBase"]
[SourceDate "2003.11.11"]

1. e4 d5 2. exd5 Qxd5 3. Nc3 Qa5 4. d4 Nf6 5. Nf3 c6 6. Bc4 Bg4 7. h3 Bh5 8.
Bd2 e6 9. g4 Bg6 10. Qe2 Bb4 11. Ne5 Nbd7 12. Nxd7 Nxd7 13. a3 O-O-O 14. O-O-O
Bxc3 15. Bxc3 Qc7 16. Bb3 Nf6 17. Qe5 Be4 18. Rhe1 Bd5 19. Ba4 h5 1/2-1/2